Tom Cruise Movies Quiz Stats

 Plays Quiz Updated Dec 31, 2020

Support Sporcle.
Go Orange.
Score 0/42 Timer 11:00
3 Plays Today
Year Movie Title % Correct
1996Mission: Impossible
92.5%
1986Top Gun
91.6%
2011Mission: Impossible - Ghost Protocol
90.8%
2000Mission: Impossible II
90.1%
2018Mission Impossible: Fallout
89.5%
2015Mission Impossible: Rogue Nation
89.4%
2006Mission: Impossible III
87.2%
1983Risky Business
72.3%
2012Jack Reacher
70.2%
1996Jerry Maguire
69.6%
1992A Few Good Men
63.2%
1988Cocktail
62.7%
2001Vanilla Sky
62.5%
1990Days of Thunder
61.9%
2016Jack Reacher: Never Go Back
61.6%
1999Eyes Wide Shut
60.1%
1988Rain Man
59.5%
2005War of the Worlds
57.3%
2002Minority Report
55.7%
2008Tropic Thunder
54.4%
2014Edge of Tomorrow
53.9%
Year Movie Title % Correct
2012Rock of Ages
52%
2008Valkyrie
49.4%
1994Interview with the Vampire: The Vampire Chronicles
48%
1989Born on the Fourth of July
47.5%
2017The Mummy
47%
1992Far and Away
44.3%
1993The Firm
44%
2003The Last Samurai
43.4%
2013Oblivion
43.2%
1999Magnolia
42.9%
2004Collateral
42.1%
2017American Made
42%
1983The Outsiders
37.5%
1986The Color of Money
34.8%
2010Knight and Day
33.1%
1983All the Right Moves
32.4%
1981Taps
30.2%
1985Legend
27.6%
2007Lions for Lambs
26.3%
1981Endless Love
15.4%
1983Losin' It
14.5%

You're not logged in!

Compare scores with friends on all Sporcle quizzes.
OR
Log In
Forgot?

From the Vault

Triple Criteria Quiz: US Presidents

by biggs364

History 8m
This quiz is a triple threat.
Remove Ads.
Support Sporcle.
Get the best of Sporcle when you Go Orange. This ad-free experience offers more features, more stats, and more fun while also helping to support Sporcle. Thank you for becoming a member.

Show Comments

Extras

Top Quizzes Today


Score Distribution

Your Account Isn't Verified!

In order to create a playlist on Sporcle, you need to verify the email address you used during registration. Go to your Sporcle Settings to finish the process.

Report this User

Report this user for behavior that violates our Community Guidelines.

Details: